LEADER 03753nam 2200733 450 001 9910811878803321 005 20230802054427.0 010 $a1-118-84562-5 010 $a1-118-84607-9 010 $a1-118-84561-7 035 $a(CKB)3710000000451365 035 $a(EBL)1998756 035 $a(SSID)ssj0001529516 035 $a(PQKBManifestationID)11860087 035 $a(PQKBTitleCode)TC0001529516 035 $a(PQKBWorkID)11523429 035 $a(PQKB)10177790 035 $a(MiAaPQ)EBC4039201 035 $a(DLC) 2015018708 035 $a(MiAaPQ)EBC1998756 035 $a(Au-PeEL)EBL4039201 035 $a(CaPaEBR)ebr11081235 035 $a(CaONFJC)MIL816317 035 $a(OCoLC)908699067 035 $a(Au-PeEL)EBL1998756 035 $a(EXLCZ)993710000000451365 100 $a20150804h20152015 uy 0 101 0 $aeng 135 $aur||||||||||| 181 $ctxt 182 $cc 183 $acr 200 10$aEnergy and global climate change $ebridging the sustainable development divide /$fAnilla Cherian 205 $a1st ed. 210 1$aWest Sussex, England :$cWiley Blackwell,$d2015. 210 4$dİ2015 215 $a1 online resource (301 p.) 225 1 $aTHEi Wiley ebooks 300 $aDescription based upon print version of record. 311 $a1-118-84560-9 320 $aIncludes bibliographical references and index. 327 $aConfronting the neglected nexus between climate change and energy access for the poor -- Where is the "energy" in global climate change negotiations outcomes? : examining key UN global climate change outcomes from 1992-2014 for references to nexus between climate change and energy access for the poor -- Where's the "energy" in key UN global outcomes on sustainable development? : examining the record of UNCHE 1972-Rio+20 2012 for references to nexus between climate change and energy access for the poor -- Understanding the acronym soup of voluntary initiatives and partnerships on sustainable development within the UN content : locating energy access and climate change voluntary efforts -- Towards an integraged framework on energy access for the poor and climate change : issues to consider for the UN led post-2015 development agenda. 330 $a"This book, is exactly the expansion of the concept of energy access for poor in terms of its linkages with climate change and sustainable development that is the main focus of investigation. In this regard, the argument that is advanced is not whether and how to increase energy access for the poor, or whether and how to improve the prospects for a comprehensive climate change agreement, but instead to ask whether and how energy access for the poor has been factored into the series of key UN led intergovernmental climate change and sustainable development outputs"--$cProvided by publisher. 410 0$aTHEi Wiley ebooks. 606 $aEnvironmental policy$zDeveloping countries 606 $aPoor$xEnergy assistance$xGovernment policy$zDeveloping countries 606 $aClimate change mitigation$xSocial aspects 606 $aClimate change mitigation$xInternational cooperation 606 $aEnergy policy 615 0$aEnvironmental policy 615 0$aPoor$xEnergy assistance$xGovernment policy 615 0$aClimate change mitigation$xSocial aspects. 615 0$aClimate change mitigation$xInternational cooperation. 615 0$aEnergy policy. 676 $a363.738/74561091724 686 $aSCI042000$2bisacsh 700 $aCherian$b Anilla$01663590 801 0$bMiAaPQ 801 1$bMiAaPQ 801 2$bMiAaPQ 906 $aBOOK 912 $a9910811878803321 996 $aEnergy and global climate change$94021008 997 $aUNINA LEADER 03043nam 2200721uu 450 001 9910966075203321 005 20251116203632.0 010 $a0-19-773275-5 010 $a1-280-52556-8 010 $a0-19-536179-2 010 $a1-4294-1091-4 024 7 $a10.1093/oso/9780195068023.001.0001 035 $a(CKB)1000000000410178 035 $a(EBL)272795 035 $a(OCoLC)466428036 035 $a(SSID)ssj0000101779 035 $a(PQKBManifestationID)11108552 035 $a(PQKBTitleCode)TC0000101779 035 $a(PQKBWorkID)10049199 035 $a(PQKB)10867410 035 $a(Au-PeEL)EBL272795 035 $a(CaPaEBR)ebr10279122 035 $a(CaONFJC)MIL52556 035 $a(MiAaPQ)EBC272795 035 $a(OCoLC)1406781556 035 $a(StDuBDS)9780197732755 035 $a(OCoLC)30970604 035 $a(FINmELB)ELB168468 035 $a(EXLCZ)991000000000410178 100 $a19951023e20231995 |y | 101 0 $aeng 135 $aurcn||||||||| 181 $ctxt$2rdacontent 182 $cc$2rdamedia 183 $acr$2rdacarrier 200 14$aThe ambassadors and America's Soviet policy /$fDavid Mayers 210 1$aNew York ;$cOxford University Press,$d2023. 215 $a1 online resource (viii, 335 pages) $cillustrations 225 1 $aOxford scholarship online 300 $aBibliography: p307-322. _ Includes index. 300 $aPreviously issued in print: 1995. 311 08$a0-19-511576-7 311 08$a0-19-506802-5 320 $aIncludes bibliographical references (p. 307-322) and index. 327 $aContents; United States Chiefs of Mission in St. Petersburg and Moscow; Introduction; I: Before Moscow; 1. St. Petersburg and the U.S. Diplomatic Tradition; 2. From Comity to Estrangement; 3. War and Revolution; II: In Stalin's Time; 4. Preparing for Moscow; 5. Purges and the Failure of Collective Security; 6. Fragile Coalition; 7. Neither War Nor Peace; III: Great Power Rivalry; 8. After Stalin; 9. Controlled Rivalry; 10. Collapse and the Art of Diplomacy; Notes; Bibliography; Index; 330 8 $aMayers analyses the entire history of American foreign relations with Russia and then the Soviet Union, using the drama of the lives of the men and women who worked at the American embassy in Moscow to tell his story. Particular attention is paid to the critical events of the twentieth century. 410 0$aOxford scholarship online. 606 $aAmbassadors$zUnited States$xHistory$y20th century 606 $aAmbassadors$zSoviet Union$xHistory$y20th century 607 $aUnited States$xForeign relations$zSoviet Union 607 $aSoviet Union$xForeign relations$zUnited States 615 0$aAmbassadors$xHistory 615 0$aAmbassadors$xHistory 676 $a327.73047 700 $aMayers$b David$0539637 801 0$bUkCU 801 2$bUk 801 2$bStDuBDSZ 801 2$bStDuBDSZ 906 $aBOOK 912 $a9910966075203321 996 $aThe ambassadors and America's Soviet policy$94527365 997 $aUNINA